[Event "SIDOMIR VII"]
[Site "http://www.queenalice.com/game.php?id=588647"]
[Date "2009.5.15"]
[Round "-"]
[White "perucona"]
[Black "nelgisa"]
[Result "0-1"]
[WhiteElo "1647"]
[BlackElo "1423"]

1. e4 Nf6 2. e5 Ne4 3. d3 Nc5 4. d4 Ne4 5. f3 Ng5 6. f4 Ne4 7. Qe2 f5 8. Nc3 c6
9. Nxe4 fxe4 10. Qxe4 d5 11. Qe2 e6 12. Qh5+ g6 13. Qh3 Bb4+ 14. c3 Be7 15. Nf3
Bd7 16. Bd3 Na6 17. Bxa6 bxa6 18. O-O Qb6 19. Be3 O-O-O 20. Nd2 h6 21. Rf3 Qxb2
22. Rff1 c5 23. Rab1 Qxa2 24. Ra1 Qb2 25. Rab1 Qa2 26. Ra1 Qb2 27. Rab1 Qc2 28.
Rbc1 Qd3 29. Rfe1 h5 30. Bf2 Qxh3 31. gxh3 g5 32. Be3 Rhg8 33. Nf3 gxf4+ 34. Kf2
fxe3+ 35. Rxe3 c4 36. Rce1 a5 37. Nd2 a4 38. Ra1 Rg7 39. Nf3 Kc7 40. Nd2 Bh4+
41. Ke2 Rg2+ 42. Kd1 Rg1+ 43. Kc2 Rxa1 44. Nf3 Bf2 45. Re2 a3 46. Rxf2 Ba4+ 47.
Kd2 a2 48. Re2 Rb1 49. Nh4 a1=Q 50. Rg2 Qb2+ 51. Ke3 Qxc3+ 52. Kf4 Rf1+ 53. Nf3
Qxf3+ 54. Kg5 Rg8+ 55. Kh6 Qxg2 56. Kh7 Qg7# 0-1

[Event "Challenge"]
[Site "http://www.queenalice.com/game.php?id=592232"]
[Date "2009.5.22"]
[Round "-"]
[White "mpustil"]
[Black "nelgisa"]
[Result "1/2-1/2"]
[WhiteElo "1453"]
[BlackElo "1486"]

1. e4 e5 2. Nf3 Nf6 3. Nc3 Nc6 4. Bc4 Qe7 5. Nb5 Qc5 6. d3 Ng4 7. O-O Qb6 8. h3
h5 9. hxg4 hxg4 10. Be3 Nd4 11. Nfxd4 Qh6 12. Bxh6 Rxh6 13. Nxc7+ Kd8 14. Nxa8
exd4 15. Qxg4 d5 16. Qg5+ Be7 17. Qxd5+ Rd6 18. Qxf7 Rf6 19. Qxg7 Be6 20. Bxe6
Rxe6 21. Qxd4+ Rd6 22. Qxa7 Kc8 23. Nb6+ Kc7 24. Nd5+ Kc8 25. Nxe7+ Kd8 26. Qxb7
Ke8 27. Nf5 Re6 28. Ng7+ Kd8 29. Nxe6+ Ke8 30. Qc7 1/2-1/2

[Event "jeudes2"]
[Site "http://www.queenalice.com/game.php?id=593577"]
[Date "2009.5.26"]
[Round "-"]
[White "jeudes2"]
[Black "nelgisa"]
[Result "1-0"]
[WhiteElo "1844"]
[BlackElo "1461"]

1. d4 c6 2. Nf3 Nf6 3. e3 e5 4. Nxe5 Ne4 5. Bd3 Bb4+ 6. c3 Nxf2 7. Kxf2 Qf6+ 8.
Nf3 Bd6 9. e4 O-O 10. e5 Qe7 11. exd6 Qxd6 12. Rf1 b5 13. b3 Qf6 14. Kg1 d5 15.
Ng5 Qe6 16. Nxe6 fxe6 17. Rxf8+ Kxf8 18. Bxh7 Ke7 19. Ba3+ Kd8 20. Qf3 Nd7 21.
Bd6 Nf6 22. Qg3 Bd7 23. Qxg7 Kc8 24. Nd2 Ne8 25. Nf3 Kb7 26. Qxd7+ Ka6 27. Qxc6+
Ka5 28. Bb4# 1-0

[Event "Let's Play Chess!"]
[Site "http://www.queenalice.com/game.php?id=593756"]
[Date "2009.5.26"]
[Round "-"]
[White "nelgisa"]
[Black "spawnwolfwolverine"]
[Result "1-0"]
[WhiteElo "1372"]
[BlackElo "1638"]

1. e4 e5 2. Nc3 d6 3. Nf3 Bg4 4. d3 Be7 5. h3 Bxf3 6. gxf3 Nf6 7. f4 exf4 8.
Bxf4 O-O 9. Qf3 c6 10. Rg1 Nbd7 11. Qg2 a6 12. Qxg7# 1-0

[Event "Challenge"]
[Site "http://www.queenalice.com/game.php?id=598431"]
[Date "2009.6.4"]
[Round "-"]
[White "wind39"]
[Black "nelgisa"]
[Result "0-1"]
[WhiteElo "1454"]
[BlackElo "1420"]

1. e4 e5 2. Qh5 d6 3. Nf3 g6 4. Qh4 f6 5. d4 c6 6. Bg5 Qa5+ 7. c3 fxg5 8. Nxg5
Bh6 9. f4 exd4 10. Bc4 d5 11. exd5 cxd5 12. Bxd5 Qxd5 13. O-O Bxg5 14. Qg3 Bf6
15. Nd2 Nc6 16. b4 Be6 17. f5 Bxf5 18. Rae1+ Ne5 19. c4 Qe6 20. Qa3 O-O-O 21.
Qxa7 Nc6 22. Qa8+ Kc7 23. Qa4 Qd6 24. b5 Qb4 25. Qd1 d3 26. Qb1 Qxd2 27. Rd1
Qe3+ 28. Rf2 Nh6 29. Re1 Qd4 30. h3 Bg4 31. Qc1 Bf5 32. Qe3 Qh4 33. Rf4 Ng4 34.
hxg4 Bd4 35. g3 Qh3 36. Rxd4 Rxd4 37. Rd1 Qxg4 38. Rc1 Re4 39. Qf2 Re2 40. Qf1
Qxg3+ 41. Qg2 Qxg2# 0-1

[Event "OTICA PARIS II"]
[Site "http://www.queenalice.com/game.php?id=598664"]
[Date "2009.6.4"]
[Round "-"]
[White "perucona"]
[Black "nelgisa"]
[Result "1-0"]
[WhiteElo "1703"]
[BlackElo "1388"]

1. e4 e5 2. d4 Nc6 3. d5 Nd4 4. c3 Nf6 5. cxd4 Nxe4 6. f3 Bb4+ 7. Ke2 Ng5 8. f4
exf4 9. g3 f3+ 10. Nxf3 Nxf3 11. Kxf3 Qe7 12. a3 Ba5 13. Bd2 Bb6 14. Bh3 Bxd4
15. Nc3 h5 16. Re1 Be5 17. Bf4 O-O 18. Bxe5 d6 19. Bd4 Qf6+ 20. Ke3 Qh6+ 21. Kd3
Bf5+ 22. Bxf5 g6 23. Be4 f5 24. Be3 Qg7 25. Bh1 c5 26. Nb5 a6 27. Nc3 g5 28. h3
Rae8 29. Bg1 c4+ 30. Kxc4 b5+ 31. Kd3 Ra8 32. Bd4 Qg6 33. Ke2 f4 34. Rf1 Rae8+
35. Kd2 fxg3 36. Rxf8+ Rxf8 37. Qc2 Qf7 38. b4 Qf4+ 39. Be3 Qf3 40. Bxf3 Rxf3
41. Qd1 g2 42. Ke2 Rxh3 43. Ne4 1-0

[Event "Challenge"]
[Site "http://www.queenalice.com/game.php?id=598771"]
[Date "2009.6.5"]
[Round "-"]
[White "Panzer85"]
[Black "nelgisa"]
[Result "1-0"]
[WhiteElo "1589"]
[BlackElo "1460"]

1. e4 e5 2. Nf3 Nf6 3. d3 Bb4+ 4. c3 Bc5 5. b4 Bb6 6. Nxe5 Qe7 7. Bf4 Nxe4 8.
dxe4 c5 9. Qg4 g6 10. Bc4 O-O 11. Bh6 d6 12. Bxf8 Qxf8 13. Qf3 dxe5 14. h3 cxb4
15. O-O Qc5 16. Qxf7+ Kh8 17. Bd5 Nc6 18. Qg8# 1-0

[Event "Slorche"]
[Site "http://www.queenalice.com/game.php?id=601147"]
[Date "2009.6.10"]
[Round "-"]
[White "Slorche"]
[Black "nelgisa"]
[Result "1-0"]
[WhiteElo "1745"]
[BlackElo "1449"]

1. e4 e5 2. d4 d5 3. exd5 e4 4. Nc3 Qe7 5. Qe2 Bf5 6. Bd2 Qb4 7. O-O-O Nf6 8.
Kb1 Bd6 9. Nxe4 Bg4 10. f3 Bxf3 11. Qxf3 Qxd4 12. Bc3 Qxe4 13. Re1 O-O 14. Rxe4
Nxe4 15. Qxe4 f5 16. Qe6+ Kh8 17. Bd3 Na6 18. Qd7 Nc5 19. Qxg7# 1-0

[Event "Lo Juego de los juegos"]
[Site "http://www.queenalice.com/game.php?id=601522"]
[Date "2009.6.10"]
[Round "-"]
[White "nelgisa"]
[Black "dahora"]
[Result "0-1"]
[WhiteElo "1420"]
[BlackElo "2095"]

1. e4 e6 2. Nf3 d5 3. d4 dxe4 4. Ne5 Bd6 5. Bf4 Qf6 6. Bb5+ c6 7. Nc4 Bxf4 8. g3
cxb5 9. Nd6+ Bxd6 10. Nc3 b4 11. Nxe4 Qe7 12. d5 exd5 13. O-O dxe4 14. c3 bxc3
15. bxc3 Nc6 16. a4 f5 17. f4 Nf6 18. a5 Bc5+ 19. Kh1 e3 20. Qd3 O-O 21. Qxf5
Ng4 22. Qd5+ Be6 23. Qh5 Bf5 24. h3 Qe4+ 25. Kg1 e2+ 26. Rf2 Bxf2# 0-1

[Event "Challenge"]
[Site "http://www.queenalice.com/game.php?id=601525"]
[Date "2009.6.11"]
[Round "-"]
[White "nelgisa"]
[Black "davidgk"]
[Result "1-0"]
[WhiteElo "1445"]
[BlackElo "1411"]

1. e4 e5 2. d3 Nf6 3. Nf3 Nc6 4. Bg5 h6 5. Be3 b6 6. a3 Bb7 7. Nc3 d6 8. Be2 Nd4
9. Nxd4 exd4 10. O-O Qd7 11. Nd5 Nxd5 12. Bg4 1-0

[Event "Let's Play Chess!"]
[Site "http://www.queenalice.com/game.php?id=604750"]
[Date "2009.6.16"]
[Round "-"]
[White "nelgisa"]
[Black "kudd"]
[Result "0-1"]
[WhiteElo "1441"]
[BlackElo "1501"]

1. e4 e5 2. Nf3 Nc6 3. h3 Nf6 4. Nc3 a6 5. d4 exd4 6. Nxd4 Ne5 7. Bc4 Nxc4 8. e5
Ng8 9. Qd3 Nxe5 10. Qe4 d6 11. Bf4 Nf6 12. Qe2 h6 13. a3 Be7 14. g4 c5 15. g5
hxg5 16. Bxg5 Ng8 17. Nf3 Bxg5 18. Nxe5 dxe5 19. Qxe5+ Be6 20. Qxg7 Bf6 21. Qg2
Qd7 22. Na4 Qxa4 23. b3 Qd7 24. Rd1 Bc3+ 25. Kf1 Qxd1# 0-1

[Event "BRAZIL (15)"]
[Site "http://www.queenalice.com/game.php?id=605070"]
[Date "2009.6.17"]
[Round "-"]
[White "nelgisa"]
[Black "Strogonoff"]
[Result "0-1"]
[WhiteElo "1424"]
[BlackElo "1818"]

1. e4 e5 2. Nc3 Bb4 3. Nd5 Bc5 4. b4 Qh4 5. g3 Qxe4+ 6. Qe2 Qxd5 7. c4 Qd4 8.
Bb2 Qxb2 9. Rd1 Qxb4 10. Qe4 Nc6 11. Nf3 Nf6 12. Nxe5 Nxe5 13. Qxe5+ Be7 14.
Qxc7 O-O 15. Be2 Bd6 16. Qxd6 Qxd6 17. h4 Ne4 18. Kf1 Qf6 19. Rh2 Nxg3+ 20. Kg2
Nxe2 21. f3 d6 22. h5 Qg5+ 23. Kf1 Re8 24. Rg2 Bh3 25. d4 Qxg2+ 26. Ke1 Nc3# 0-1

[Event "Let's Play Chess!"]
[Site "http://www.queenalice.com/game.php?id=605140"]
[Date "2009.6.17"]
[Round "-"]
[White "nelgisa"]
[Black "igorjava"]
[Result "0-1"]
[WhiteElo "1390"]
[BlackElo "1883"]

1. e4 c5 2. Bc4 e6 3. Nf3 Nf6 4. h3 Nxe4 5. O-O a6 6. d3 Nf6 7. Ng5 d5 8. Bb3
Be7 9. Qf3 Nc6 10. Nc3 O-O 11. Qf4 Bd6 12. Qh4 h6 13. Nh7 Kxh7 14. Bxh6 gxh6 15.
Ne2 Ng8 16. Qg4 Qg5 17. Qf3 Ne5 18. c4 Nxf3+ 0-1

[Event "AUTO-INT-1348"]
[Site "http://www.queenalice.com/game.php?id=605205"]
[Date "2009.6.17"]
[Round "1"]
[White "GM_EliasJr"]
[Black "nelgisa"]
[Result "1-0"]
[WhiteElo "1791"]
[BlackElo "1429"]

1. d4 d5 2. c4 b6 3. Nc3 a6 4. cxd5 c6 5. dxc6 Nxc6 6. Nf3 e6 7. e4 Bb4 8. a3
Be7 9. Bd3 Nxd4 10. O-O Bc5 11. b4 Bf8 12. Be3 Nb3 13. Rb1 Nc5 14. bxc5 Bxc5 15.
Bxc5 bxc5 16. e5 Nh6 17. Qe2 Ng4 18. Qe4 f5 19. Qxa8 O-O 20. Bxa6 Qa5 21. Rb8 h6
22. Rxc8 Rxc8 23. Qxc8+ Kh7 24. Qxe6 Qxc3 25. Qxf5+ Kh8 26. Qxg4 Qxa3 27. Rd1
Qxa6 28. Rd8+ Kh7 29. Qf5+ Qg6 30. Rh8+ Kxh8 31. Qxg6 c4 32. e6 c3 33. e7 c2 34.
e8=Q# 1-0

[Event "AUTO-INT-1348"]
[Site "http://www.queenalice.com/game.php?id=605206"]
[Date "2009.6.17"]
[Round "1"]
[White "nelgisa"]
[Black "GM_EliasJr"]
[Result "0-1"]
[WhiteElo "1427"]
[BlackElo "1755"]

1. e4 c5 2. c4 d6 3. Nc3 Nf6 4. b3 e5 5. h3 Be6 6. Nf3 Be7 7. Bd3 a6 8. O-O O-O
9. a4 Nc6 10. a5 Nxa5 11. Rxa5 Qxa5 12. Ng5 Bd7 13. Nd5 Nxd5 14. cxd5 Bxg5 15.
Qg4 Bxg4 16. hxg4 Bxd2 17. Bb2 b5 18. Rd1 Rac8 19. g3 c4 20. Be2 c3 21. Ba1 c2
22. Rf1 c1=Q 23. Rxc1 Rxc1+ 24. Kg2 Rxa1 25. g5 Re1 26. Bf3 Qa1 27. Kh3 Rh1+ 28.
Kg4 h5+ 29. Kf5 g6+ 30. Kf6 Bxg5+ 31. Kxg5 f6+ 32. Kxg6 Qc1 33. g4 Qg5# 0-1

[Event "AUTO-INT-1348"]
[Site "http://www.queenalice.com/game.php?id=605221"]
[Date "2009.6.17"]
[Round "1"]
[White "prog2"]
[Black "nelgisa"]
[Result "1-0"]
[WhiteElo "1685"]
[BlackElo "1444"]

1. e4 e5 2. Nf3 a6 3. Nc3 Nf6 4. d4 exd4 5. Nxd4 d5 6. Bg5 Bg4 7. Bxf6 gxf6 8.
Qxg4 Bc5 9. Qg7 Ke7 10. O-O-O Rg8 11. Nxd5+ Kd6 12. Nf5+ Ke5 13. Qxf7 Kxe4 14.
Qe6# 1-0

[Event "AUTO-INT-1348"]
[Site "http://www.queenalice.com/game.php?id=605222"]
[Date "2009.6.17"]
[Round "1"]
[White "nelgisa"]
[Black "prog2"]
[Result "0-1"]
[WhiteElo "1436"]
[BlackElo "1691"]

1. e4 c5 2. c4 Nc6 3. Bd3 e6 4. b3 Nf6 5. Nf3 Be7 6. Nc3 d5 7. cxd5 exd5 8. exd5
Nxd5 9. Ne4 Nf4 10. Bb5 Nxg2+ 11. Kf1 Nh4 12. Ng1 Qd5 13. Qf3 Nxf3 14. Bxc6+
Qxc6 15. Nxf3 Qxe4 16. Ng1 Bg4 17. f3 Bxf3 18. d3 Qxd3+ 19. Kf2 Bh4# 0-1

[Event "AUTO-INT-1348"]
[Site "http://www.queenalice.com/game.php?id=605233"]
[Date "2009.6.17"]
[Round "1"]
[White "nelgisa"]
[Black "Joyce05"]
[Result "0-1"]
[WhiteElo "1434"]
[BlackElo "1623"]

1. e4 Nc6 2. Nc3 e5 3. Nf3 Bb4 4. Nd5 Bd6 5. Bc4 Nd4 6. Nxd4 exd4 7. Qf3 f6 8.
d3 Ne7 9. e5 Bxe5 10. O-O Ng6 0-1

[Event "Let's Play Chess!"]
[Site "http://www.queenalice.com/game.php?id=607235"]
[Date "2009.6.23"]
[Round "-"]
[White "dida"]
[Black "nelgisa"]
[Result "1-0"]
[WhiteElo "1514"]
[BlackElo "1401"]

1. e4 e5 2. Bc4 c6 3. Qf3 d5 4. exd5 f6 5. dxc6 Bb4 6. c3 Bc5 7. Ne2 Nh6 8. cxb7
Bxb7 9. Qxb7 Nd7 10. b4 Bb6 11. d4 Ng4 12. Qc6 exd4 13. Qe6+ Qe7 14. Bd2 1-0

[Event "Let's Play Chess!"]
[Site "http://www.queenalice.com/game.php?id=607236"]
[Date "2009.6.23"]
[Round "-"]
[White "dida"]
[Black "nelgisa"]
[Result "1-0"]
[WhiteElo "1489"]
[BlackElo "1426"]

1. e4 e5 2. Bc4 c6 3. Qf3 f6 4. Ne2 Qa5 5. Qd3 Bc5 6. O-O f5 7. exf5 Ne7 8. a3
d5 9. Bb3 e4 10. Qc3 Qb6 11. d4 Bd6 12. a4 Bb4 13. Qe3 c5 14. Bd2 1-0

[Event "Let's Play Chess!"]
[Site "http://www.queenalice.com/game.php?id=607237"]
[Date "2009.6.23"]
[Round "-"]
[White "dida"]
[Black "nelgisa"]
[Result "1-0"]
[WhiteElo "1502"]
[BlackElo "1413"]

1. e4 h6 2. Bc4 e6 3. Qf3 Qh4 4. d3 Bd6 5. g3 Bb4+ 6. c3 Qf6 7. cxb4 Qxf3 8.
Nxf3 Nf6 9. h3 Nc6 10. a3 O-O 11. Be3 d5 12. exd5 exd5 13. Bb3 a5 14. b5 1-0